000 00673nam a2200229 a 4500
001 14157
003 BD-JhCC
005 20250203130649.0
008 250203b20092020e a|||| ||a| 001 0 eng d
020 _a9780241392164
035 _a(BD-JhCC)14157
040 _aBD-JhCC
_dBD-JhCC
041 _aenglish
082 _a355.009
_bDAV 2020
100 _a David,Saul
245 _aWar :
_bThe definitive visual history /
_cSaul David.
260 _a London:
_bDorling Kindersley Limited;
_c2020.
300 _a512 p. :
_bill;
_c29 cm.
650 _aArt et science militaires Histoire
_x General & world history
_zHistory of Military Science
942 _2ddc
_cBK
999 _c14157
_d14157